Living in the kindergarten ; a handbook for kindergarten teachers /

Bibliographic Details
Main Author: Wills, Clarice Dechent
Other Authors: Stegeman, William H.
Format: Book
Language:English
Published: Chicago : Follett, [1950]
Subjects:

MARC

Tag First Indicator Second Indicator Subfields
LEADER 00000cam a2200000 4500
001 in00000081658
005 20151008053026.0
008 760427s1950 ilu b 00000 eng
010 |a  50003288  
035 |a (OCoLC)02143016 
035 |9 AAH5911AM 
040 |a DLC  |c TOL  |d TXA  |d UtOrBLW 
049 |a TXAM  |c 1 [193424] 
050 0 0 |a LB1169  |b .W48 
092 |a 372.2  |b W741 
100 1 |a Wills, Clarice Dechent. 
245 1 0 |a Living in the kindergarten ;  |b a handbook for kindergarten teachers /  |c [by] Clarice Dechent Wills and William H. Stegeman, with a foreword by Olga Adams. 
264 1 |a Chicago :  |b Follett,  |c [1950] 
264 4 |c [©1950] 
300 |a 374 pages :  |b illustrations ;  |c 24 cm. 
336 |a text  |b txt  |2 rdacontent 
337 |a unmediated  |b n  |2 rdamedia 
338 |a volume  |b nc  |2 rdacarrier 
504 |a Includes bibliographies. 
650 0 |a Kindergarten  |x Methods and manuals. 
700 1 |a Stegeman, William H. 
999 |a MARS 
999 f f |s 8d8d3dc2-7a5f-30aa-9007-5b1023b2a37d  |i de88ad79-e998-3694-9a78-a7e545379c87  |t 0 
952 f f |p normal  |a Texas A&M University  |b College Station  |c Sterling C. Evans Library  |d Evans: Library Stacks  |t 0  |e LB1169 .W48  |h Library of Congress classification  |i unmediated -- volume  |m A14800849702 
998 f f |a LB1169 .W48  |t 0  |l Evans: Library Stacks